| 000 | 01033cam a22003253u 4500 | ||
|---|---|---|---|
| 001 | 11354443 | ||
| 003 | OSt | ||
| 005 | 20211216103218.0 | ||
| 006 | m d | ||
| 007 | cr n | ||
| 008 | 150401s2010 ||||||||s|||||||| ||||| d | ||
| 020 | _a9780070077911 | ||
| 035 | _a(WaSeSS)ssib019820190 | ||
| 038 | _akhadija | ||
| 040 |
_aWaSeSS _cWaSeSS _dWaSeSS _erda |
||
| 082 |
_a629.892 _bDEB |
||
| 100 | 1 |
_aDeb, S. R. _986710 |
|
| 210 | 1 | 0 | _aRobotics Technology and Flexible Automation / |
| 245 | 1 | 0 |
_aRobotics Technology and Flexible Automation / _cS. R. Deb. |
| 250 | _a2nd ed. | ||
| 260 |
_aNew Delhi : _bTata McGraw-Hill, _c2010. |
||
| 300 |
_a522 p. ; _c22 cm. |
||
| 500 | _aTitle from content provider. | ||
| 506 | _aLicense restrictions may limit access. | ||
| 563 | _aPB | ||
| 773 | 0 | _tAccessEngineering | |
| 856 | 4 | 0 |
_uhttp://www.columbia.edu/cgi-bin/cul/resolve?clio11354443 _zFull text available from AccessEngineering |
| 910 | _aSerials Solutions supplemental brief record | ||
| 942 |
_2ddc _cBK |
||
| 999 |
_c32351 _d32351 |
||